On population (Record no. 52579)

MARC details
000 -LEADER
fixed length control field 00569nam a2200169 a 4500
008 - FIXED-LENGTH DATA ELEMENTS--GENERAL INFORMATION
fixed length control field 120416s1960 ||||||||||||||||| || u
050 ## - LIBRARY OF CONGRESS CALL NUMBER
Classification number HB 881 Onp
100 ## - MAIN ENTRY--PERSONAL NAME
Personal name Huxley, Julian Sorell
245 10 - TITLE STATEMENT
Title On population
246 ## - VARYING FORM OF TITLE
Title proper/short title three essays
260 ## - PUBLICATION, DISTRIBUTION, ETC.
Place of publication, distribution, etc. New York
Name of publisher, distributor, etc. New American Library
Date of publication, distribution, etc. 1960
350 ## - PRICE (NR) (BK AM CF MU VM SE) [OBSOLETE]
Price 0.00
650 ## - SUBJECT ADDED ENTRY--TOPICAL TERM
Topical term or geographic name entry element POPULATION--CONGRESSES
700 ## - ADDED ENTRY--PERSONAL NAME
Personal name Malthus, Thomas
700 ## - ADDED ENTRY--PERSONAL NAME
Personal name Osborn, Frederick Henry
995 ## - RECOMMENDATION 995 [LOCAL, UNIMARC FRANCE]
-- 0.00
-- CBU-MAIN LIBRARY (Kitwe)
-- 1
-- 0.00
-- 1
-- DAMAGED
-- Main Library Open Access Collection
Holdings
Withdrawn status Lost status Source of classification or shelving scheme Damaged status Not for loan Home library Current library Shelving location Date acquired Total Checkouts Full call number Barcode Date last seen Price effective from Koha item type
          CBU-MAIN LIBRARY, KITWE. CBU-MAIN LIBRARY, KITWE.   11/30/2022   HB 881 Onp 709957 11/30/2022 11/30/2022 MONOGRAPH